Danses et légendes de la Chine ancienne
Kaydedildi:
| Yazar: | |
|---|---|
| Materyal Türü: | Kitap |
| Dil: | Fransızca |
| Baskı/Yayın Bilgisi: |
París
Universitaires de France
1959
|
| Konular: | |
| Etiketler: |
Etiketle
Etiket eklenmemiş, İlk siz ekleyin!
|
MARC
| LEADER | 00000nam a2200000 a 4500 | ||
|---|---|---|---|
| 001 | UCN2987 | ||
| 003 | CL-VaPUC | ||
| 008 | 010615e19590000FR |||||||||||||||||fre|d | ||
| 082 | 0 | 4 | |a 793.31951 |b GRA |2 21 |
| 100 | |a Granet, Marcel |e author |9 459342 | ||
| 245 | 1 | 0 | |a Danses et légendes de la Chine ancienne |
| 300 | |a v | ||
| 942 | |c BK | ||
| 945 | |d 20010615 00:00:00 |a crobeson | ||
| 260 | |a París |b Universitaires de France |c 1959 | ||
| 650 | 0 | |a Danzas folklóricas |9 330042 | |
| 650 | 7 | |a LEYENDAS CHINAS |2 CL-VaPUC |9 459343 | |
| 651 | 0 | |a China |9 257545 | |
| 583 | |a last modification |c 20010615 00:00:00 |k Rodrigo Vera | ||
| 999 | |c 296002 |d 296000 | ||
| 952 | |0 0 |1 0 |4 0 |6 793_319510000000000_GRA_1959 |7 0 |8 A |9 349475 |a BIBEDU |b BIBEDU |d 2019-11-20 |h v.1 |i 1187031 |o 793.31951 GRA 1959 |p 1187031 |r 2023-01-12 |w 2019-11-20 |y BK |k MUS | ||
| 952 | |0 0 |1 0 |4 0 |6 793_319510000000000_GRA_1959 |7 0 |8 A |9 349476 |a BIBEDU |b BIBEDU |d 2019-11-20 |h v.2 |i 118704K |o 793.31951 GRA 1959 |p 118704K |r 2023-01-12 |w 2019-11-20 |y BK |k MUS | ||